000 00464nam a22001817a 4500
003 koha_MIRAKIL
005 20231213095404.0
008 231213b |||||||| |||| 00| 0 ||| d
020 _b978-6-05-558820-5
040 _aTR-IsEVY
_btur
_cTR-IsEVY
082 _a813.32 AHM/F
100 _aEFENDİ , A. MİTHAT.
245 0 _aFELATUN BEY İLE RAKIM EFENDİ.
260 _bBORDO SİYAH,
_c2010
300 _a261.
650 _aTürk Edebiyatı.
942 _2ddc
_cBK
999 _c2808
_d2808